000 01632nam a22001577a 4500
041 _aukr
080 _a09
090 _bБОБ
100 _aБобков В. О.
245 _aСемантичні особливості англійських фразеологізмів з компонентами-назвами метрологічних одиниць (measure, inch, step, foot)
260 _aОстрог
_bКАФ
_c2005
300 _a50
520 _aРозділ 1. Основні поняття фразеології. 1.1. Класифікація ФО. 1.2. Методи дослідження та опису ФО. 1.3. Проблема синонімії та варіантності ФО. 1.4. Фразеологія та нумерологія. Розділ 2. Характеристика англійських ФО з компонентами – назвами метрологічних одиниць. 2.1. Опис особливостей семантики ФО з компонентом – загальною назвою метрологічних одиниць measure. 2.2. Опис особливостей семантики ФО з компонентом – назвою лінійної міри inch. 2.3. Опис особливостей семантики ФО з компонентом – назвою лінійної міри step. 2.4. Опис особливостей семантики ФО з компонентом – назвою лінійної міри foot.
_0Фразеологія, метрологічні одиниці
650 _aResearch Papers
999 _c283150
_d283150
942 _cBK